V írsku rastie napätie na trhu práce

Budúcnosť otvoreného pracovného trhu v Írsku. Nízko kvalifikovaní robotníci sa cítia byť ohrození lacnou pracovnou silou z východnej Európy. Nedostatok vysoko kvalifikovanej pracovnej sily. Nezamestnanosť na rovnakej úrovni.

Saved in:
Bibliographic Details
Format: Book Chapter
Language:Slovak
Subjects:
Tags: Add Tag
No Tags, Be the first to tag this record!

MARC

LEADER 00000naa$a2200000$$$4500
001 0035230
005 20231004131057.4
041 0 |a slo 
044 |a SK 
245 1 0 |a V írsku rastie napätie na trhu práce 
520 |a Budúcnosť otvoreného pracovného trhu v Írsku. Nízko kvalifikovaní robotníci sa cítia byť ohrození lacnou pracovnou silou z východnej Európy. Nedostatok vysoko kvalifikovanej pracovnej sily. Nezamestnanosť na rovnakej úrovni. 
610 2 0 |a Slovensko 
610 2 0 |a trh práce 
610 2 0 |a Írsko 
610 2 0 |a sily pracovné 
610 2 0 |a kvalifikácia 
610 2 0 |a zamestnanosť 
610 2 0 |a zamestnávanie cudzincov 
610 2 0 |a vzdelanie